| 000 | 00483nam a2200181Ia 4500 | ||
|---|---|---|---|
| 008 | 191130s9999##################000#0#eng## | ||
| 020 | _a9788173710209 | ||
| 022 | _a62001835 | ||
| 040 |
_aACL _cACL |
||
| 082 | _a823.914 JAT | ||
| 245 |
_aTen short stories _cedited by Jatin Mohanty |
||
| 260 |
_aHydrabad _b[publisher not identified] |
||
| 300 | _a116p, 20cm | ||
| 700 | _aMohanty, Jatin | ||
| 990 | _a879501dfac10000c0bdc702986e673e3 | ||
| 991 | _a325942 | ||
| 999 |
_c403972 _d403972 |
||